|
|
|
|
| LEADER |
00867nam a2200241 a 4500 |
| 001 |
GR-MES2067 |
| 008 |
991111s nyu 000 b eng d |
| 020 |
|
|
|a 0442007493
|
| 040 |
|
|
|a GrPaTEI
|b gre
|c GR-PaULI
|
| 245 |
0 |
0 |
|a Enviromental indicators and shelfish safety.
|
| 260 |
|
|
|a New York :
|b Chapman and Hall,
|c c1994
|
| 300 |
|
|
|a 523σελ. :
|b πιν.,σχημ.
|
| 650 |
|
4 |
|a Ασθένειες
|
| 650 |
|
4 |
|a Μικροβιολογία
|
| 650 |
|
4 |
|a ΟΣΤΡΑΚΑ
|
| 650 |
|
4 |
|a Οστρακοειδή
|
| 700 |
1 |
|
|a Hackney, C.
|
| 700 |
1 |
|
|a Pierson, M.
|
| 710 |
0 |
|
|a Chapman and Hall
|
| 942 |
|
|
|2 ddc
|
| 952 |
|
|
|0 0
|1 0
|2 ddc
|4 0
|6 614_430000000000000_HAC
|7 0
|9 266371
|a MSLG
|b MSLG
|c BSC
|d 2021-01-17
|e 24
|f 0
|g 0.00
|l 0
|o 614.43 HAC
|p 2420000007357
|r 2021-01-17 00:00:00
|t 1
|w 2021-01-17
|y BK15
|x 19991111 0 1
|x GrPaTEI
|
| 971 |
|
|
|a .b25731117
|b 15-04-20
|c 13-09-16
|
| 999 |
|
|
|c 153226
|d 153226
|